[Event "Memorial Paul Diaconescu"]
[Site "Ploiesti"]
[Date "2015.03.17"]
[Round "6"]
[White "Anuta, Laurentiu "]
[Black "Turlea , Constantin"]
[Result "0-1"]
[WhiteElo "1956"]
[BlackElo "1972"]
[Annotator "Anuta Laurentiu"]
[PlyCount "154"]
[EventDate "2015.??.??"]

1. d4 d5 2. Nf3 e6 3. Bg5 Be7 4. Bxe7 Qxe7 5. c3 Nf6 6. e3 c5 7. Bd3 Nc6 8. O-O
e5 9. Bb5 e4 10. Ne5 Bd7 11. Nxd7 Nxd7 12. Qa4 Qd6 13. Nd2 (13. c4 $1 dxc4 (
13... Nb6 14. Qa3 Nxc4 15. Bxc4 dxc4 16. Nd2 O-O 17. Nxc4 $16) (13... cxd4 14.
cxd5 Qxd5 15. Rd1 Nc5 16. Rxd4 Nxa4 17. Rxd5 Nxb2 18. Nd2 O-O 19. Rb1 $16) 14.
Nd2 cxd4 15. Nxc4 Qd5 16. Bxc6 bxc6 17. exd4 O-O 18. Ne3 $14) 13... O-O $11 14.
f3 (14. Qa3 $1) 14... Qh6 15. Rae1 (15. Bxc6 bxc6 (15... Qxe3+ 16. Rf2 bxc6 17.
Qxc6 Qd3 18. Nb3 e3 19. Rff1 Nb6 20. dxc5 Rfc8 21. Qb7 $11) 16. Rae1 $11) 15...
cxd4 16. cxd4 Nb6 17. Qd1 f5 18. Bxc6 bxc6 (18... Qxc6 $1) 19. fxe4 fxe4 20.
Qe2 Qg5 21. Rxf8+ Rxf8 22. Rf1 h5 $6 (22... Rxf1+ 23. Nxf1 Qd8) 23. Rxf8+ Kxf8
24. b3 h4 25. h3 Nd7 $2 (25... Nc8) 26. Nf1 $14 c5 $2 27. Qb5 Qe7 28. dxc5 Nxc5
29. Qb4 $2 $11 (29. Qc6 $3 Nb7 (29... Nd3 $6 30. Qa8+ Kf7 31. Qxd5+ Kg6 32. Nd2
$18) 30. Qxd5 $18) 29... Nd3 30. Qd2 Qf6 31. Qc2 Kg8 32. Nh2 Qa1+ 33. Nf1 Qc1
34. Qe2 Qe1 35. Qxe1 $11 Nxe1 36. Nd2 Nd3 37. a3 a5 38. Kf1 Kf7 39. Nb1 Ke6 40.
Nc3 Ke5 41. Ne2 g5 42. Nd4 Kd6 43. g3 hxg3 44. Kg2 Ne5 45. Kxg3 Kd7 46. b4 $4
a4 47. Ne2 $2 (47. h4 $1 $11) 47... Nc4 $15 48. Kf2 $2 (48. Nc3) 48... Nxa3 $17
49. Nc3 Nc2 50. Nxa4 Nxb4 51. Nc5+ Kd6 52. Nb3 Nc6 53. Kg3 $2 Ke5 $19 54. Kg4
Kf6 $6 (54... d4 $1 $19) 55. Kg3 $19 Ne5 $2 (55... Ke5 $1) 56. Nd4 $17 Nc4 57.
Kf2 Ne5 58. Kg3 (58. Kf1) 58... Ng6 59. Ne2 $2 (59. Kg2) 59... Nh4 $19 60. Kf2
Nf5 61. Nc3 Ke5 62. Nd1 Kd6 63. Ke2 Kc5 64. Nf2 Ng3+ 65. Kd2 d4 66. exd4+ Kxd4
67. Ng4 Nh5 68. Nh6 e3+ 69. Ke1 Kd3 70. Nf7 Nf4 71. Nxg5 Ng2+ 72. Kf1 e2+ 73.
Kxg2 e1=Q 74. Nf3 Qe4 75. Kg3 Ke3 76. Ng1 Qg6+ 77. Kh2 Kf2 0-1

[Event "Cupa de Toamna Ploiesti"]
[Site "?"]
[Date "2014.09.28"]
[Round "6.4"]
[White "Sandulescu, Gheorghe"]
[Black "Turlea , Constantin"]
[Result "1-0"]
[WhiteElo "1821"]
[BlackElo "2019"]
[Annotator "A.L."]
[PlyCount "37"]
[EventDate "2014.??.??"]

1. d4 f5 2. Nc3 Nf6 3. Bg5 e6 4. e4 fxe4 5. Nxe4 Be7 6. Nxf6+ Bxf6 $14 7. Bxf6
(7. h4 $1 $14) 7... Qxf6 $11 8. Nf3 d6 $6 (8... b6) 9. Qd2 Nc6 10. O-O-O Bd7
11. d5 Ne7 $6 (11... exd5) 12. dxe6 $14 Qxe6 13. Re1 Qxa2 $4 (13... Qf6 $14)
14. Qc3 $18 Kd8 $2 15. Bc4 Qa4 16. Rxe7 $1 Kc8 17. Kb1 a5 18. Be6 Bxe6 $4 19.
Qxc7# 1-0

[Event "ch-ROU 2014"]
[Site "Targu Mures ROU"]
[Date "2014.05.04"]
[Round "11.21"]
[White "Turlea , Constantin"]
[Black "Martian, Dragos Daniel"]
[Result "0-1"]
[WhiteElo "1973"]
[BlackElo "2188"]
[PlyCount "64"]
[EventDate "2014.04.26"]

1. c4 c5 2. Nc3 Nc6 3. Nf3 e5 4. g3 g6 5. Bg2 Bg7 6. O-O d6 7. a3 Nge7 8. e4
O-O 9. Rb1 a5 10. d3 h6 11. b3 f5 12. Nd5 Kh7 13. Bd2 f4 14. gxf4 exf4 15. Nxf4
Kg8 16. h3 g5 17. Ne2 Bxh3 18. Bxh3 Rxf3 19. Nf4 Rxf4 20. Bxf4 gxf4 21. Qg4 Nd4
22. Kh1 Qf8 23. Rg1 Kh8 24. Qh5 Qe8 25. Qg4 Qf7 26. Qd7 Rf8 27. Qxd6 Qh5 28.
Qd7 Nef5 29. Rg2 Qxh3+ 30. Kg1 Nf3+ 31. Kf1 Qh1+ 32. Ke2 N5d4+ 0-1

[Event "Targu Mures ROM, Men Ch 2014"]
[Site "Targu Mures ROM"]
[Date "2014.05.03"]
[Round "10.26"]
[White "Juncu, Nicolae"]
[Black "Turlea , Constantin"]
[Result "0-1"]
[WhiteElo "2116"]
[BlackElo "1973"]
[PlyCount "67"]
[EventDate "2014.04.26"]
[EventType "swiss"]
[EventRounds "11"]
[EventCountry "ROM"]
[Source "Chess Mix"]

1. d4 Nf6 2. Nf3 c5 3. c3 d5 4. Bf4 Nc6 5. e3 Qb6 6. Qb3 c4 7. Qxb6 axb6 8. Na3
Ra5 9. Bc7 Nd7 10. Nc2 Nf6 11. a4 Bf5 12. Nb4 Nxb4 13. cxb4 Ra6 14. Be2 b5 15.
a5 e6 16. O-O Bxb4 17. Rfc1 O-O 18. Ne5 Rfa8 19. g4 Bg6 20. h4 h6 21. Kg2 Bxa5
22. Rxa5 Rxa5 23. Bxa5 Rxa5 24. h5 Bh7 25. b3 Ne4 26. bxc4 bxc4 27. Bxc4 dxc4
28. Rxc4 Nd6 29. Rc7 f6 30. Rd7 fxe5 31. Rxd6 exd4 32. Rxd4 Rd5 33. Rb4 Rd8 34.
f4 0-1

[Event "Targu Mures ROM, Men Ch 2014"]
[Site "Targu Mures ROM"]
[Date "2014.05.02"]
[Round "9.24"]
[White "Turlea , Constantin"]
[Black "Bach, Adrian Kalman"]
[Result "1/2-1/2"]
[WhiteElo "1973"]
[BlackElo "2244"]
[PlyCount "84"]
[EventDate "2014.04.26"]
[EventType "swiss"]
[EventRounds "11"]
[EventCountry "ROM"]
[Source "Chess Mix"]

1. d4 Nf6 2. Nf3 e6 3. e3 b6 4. Bd3 Bb7 5. O-O Be7 6. Nbd2 c5 7. c3 Qc7 8. e4
cxd4 9. cxd4 Ba6 10. Bxa6 Nxa6 11. e5 Nd5 12. a3 Rc8 13. Ne4 Qc2 14. Qe1 f5 15.
exf6 gxf6 16. Bd2 Qd3 17. Rd1 Rg8 18. Ng3 Qg6 19. Qe2 Nac7 20. Rc1 d6 21. Rfe1
f5 22. Qf1 h5 23. h3 Kf7 24. Ne2 Rce8 25. Rc6 Rd8 26. Rec1 Rd7 27. Bf4 Ne8 28.
Bxd6 Bxd6 29. Rxd6 Qxg2+ 30. Qxg2 Rxg2+ 31. Kxg2 Rxd6 32. Ne5+ Kg7 33. Rc8 Nef6
34. b4 b5 35. Rc6 Ne8 36. Kg3 Rxc6 37. Nxc6 a6 38. Nf4 h4+ 39. Kf3 Nxf4 40.
Kxf4 Kf6 41. Nb8 Nc7 42. Nd7+ Ke7 1/2-1/2

[Event "Targu Mures ROM, Men Ch 2014"]
[Site "Targu Mures ROM"]
[Date "2014.05.01"]
[Round "7.26"]
[White "Turlea , Constantin"]
[Black "Veneteanu, Ion Cristian"]
[Result "1/2-1/2"]
[WhiteElo "1973"]
[BlackElo "2158"]
[PlyCount "76"]
[EventDate "2014.04.26"]
[EventType "swiss"]
[EventRounds "11"]
[EventCountry "ROM"]
[Source "Chess Mix"]

1. d4 Nf6 2. Nf3 c5 3. d5 d6 4. c4 g6 5. Nc3 Bg7 6. h3 O-O 7. e4 e6 8. Bd3 exd5
9. exd5 Re8+ 10. Kf1 Na6 11. g4 Nb4 12. Bb1 h5 13. g5 Nd7 14. a3 Na6 15. Kg2
Bxc3 16. bxc3 Qa5 17. Re1 Nc7 18. Rxe8+ Nxe8 19. Qe1 Kf8 20. Bf4 Nb6 21. Bd3
Na4 22. Rc1 Nb2 23. Qe2 Nxd3 24. Qxd3 Bf5 25. Qe2 Qxa3 26. Nh4 Ng7 27. Bxd6+
Kg8 28. Re1 Qxc3 29. Nxf5 Nxf5 30. Bg3 Nxg3 31. fxg3 Kg7 32. Qe7 Qxc4 33. d6
Qd5+ 34. Kh2 Qf3 35. Qe5+ Kh7 36. Kg1 Re8 37. Qxe8 Qxg3+ 38. Kf1 Qf3+ 1/2-1/2

[Event "Targu Mures ROM, Men Ch 2014"]
[Site "Targu Mures ROM"]
[Date "2014.05.01"]
[Round "8.28"]
[White "Vasiesiu, Victor"]
[Black "Turlea , Constantin"]
[Result "1/2-1/2"]
[WhiteElo "1771"]
[BlackElo "1973"]
[PlyCount "177"]
[EventDate "2014.04.26"]
[EventType "swiss"]
[EventRounds "11"]
[EventCountry "ROM"]
[Source "Chess Mix"]

1. e4 c5 2. a3 e6 3. b4 b6 4. Bb2 Bb7 5. bxc5 bxc5 6. Nc3 a6 7. Nf3 Nc6 8. Bc4
Nd4 9. O-O d5 10. exd5 exd5 11. Ba2 Ne6 12. d3 Nf6 13. Ne2 Bd6 14. Ng3 O-O 15.
Nf5 Bc7 16. Ne5 d4 17. Re1 Re8 18. Bc1 Qb8 19. Ng4 Qd8 20. Nxf6+ Qxf6 21. Qg4
Qg6 22. Qxg6 hxg6 23. Ng3 Nf4 24. Ne4 Rac8 25. Bd2 Bb8 26. Rab1 Bd5 27. Rxb8
Rxb8 28. Bxf4 Bxa2 29. Bxb8 Rxb8 30. Nxc5 Rc8 31. Nxa6 Rxc2 32. Nb4 Rb2 33.
Nxa2 Rxa2 34. Re8+ Kh7 35. Kf1 Rxa3 36. Ke2 Ra2+ 37. Kf3 Rd2 38. Re2 Rxd3+ 39.
Ke4 Rd1 40. Kf3 g5 41. Re7 Kg6 42. Rd7 Rd2 43. g3 f5 44. Kg2 d3 45. Kf3 g4+ 46.
Kg2 Rd1 47. h3 d2 48. hxg4 fxg4 49. f4 gxf3+ 50. Kxf3 Kf5 51. Ke2 Rg1 52. Kxd2
Rxg3 53. Rf7+ Kg6 54. Rf8 Kg5 55. Ke2 Kg4 56. Kf2 g5 57. Ra8 Rf3+ 58. Kg1 Rf4
59. Rb8 Ra4 60. Rb2 Kh4 61. Rc2 Ra3 62. Rb2 Rg3+ 63. Kh2 Rf3 64. Kg2 Rg3+ 65.
Kh2 Rc3 66. Kg2 Rc4 67. Ra2 Kg4 68. Rf2 Rc3 69. Ra2 Rg3+ 70. Kh2 Rf3 71. Kg2
Rf4 72. Ra8 Rc4 73. Ra2 Kf4 74. Rf2+ Kg4 75. Ra2 Kh4 76. Rb2 Rc3 77. Ra2 g4 78.
Rb2 Rg3+ 79. Kh2 Re3 80. Kg2 Kg5 81. Rb5+ Kh4 82. Rb2 Rf3 83. Ra2 Rf4 84. Ra8
Rf5 85. Rh8+ Kg5 86. Ra8 Re5 87. Rg8+ Kf4 88. Rf8+ Ke3 89. Kg3 1/2-1/2

[Event "Targu Mures ROM, Men Ch 2014"]
[Site "Targu Mures ROM"]
[Date "2014.04.30"]
[Round "6.36"]
[White "Arghirescu , Marius "]
[Black "Turlea , Constantin"]
[Result "0-1"]
[WhiteElo "1844"]
[BlackElo "1973"]
[PlyCount "128"]
[EventDate "2014.04.26"]
[EventType "swiss"]
[EventRounds "11"]
[EventCountry "ROM"]
[Source "Chess Mix"]

1. e4 c5 2. Nc3 d6 3. f4 g6 4. Nf3 Bg7 5. Bb5+ Bd7 6. Qe2 a6 7. Bxd7+ Qxd7 8.
O-O e6 9. d3 Ne7 10. Bd2 O-O 11. Rae1 b5 12. Kh1 Nbc6 13. a3 Rac8 14. Nd1 Nd4
15. Nxd4 cxd4 16. c3 d5 17. cxd4 Nc6 18. Bc3 a5 19. e5 b4 20. axb4 axb4 21. Bd2
Nxd4 22. Qf2 Nc2 23. Re2 d4 24. b3 Qd5 25. Qf3 Qxb3 26. h4 Rfd8 27. h5 Ra8 28.
Qg3 Ra3 29. Qg5 Re8 30. Nf2 Ra1 31. Rxa1 Nxa1 32. h6 Bf8 33. Ne4 Re7 34. Re1
Nc2 35. Rc1 Qa4 36. Rb1 Qa2 37. Rc1 b3 38. Kh2 Qa4 39. Rb1 Qa2 40. Rc1 Qa3 41.
Nf6+ Kh8 42. Ne4 Qa4 43. Rb1 Qb5 44. Qg3 Bxh6 45. Qh4 Bf8 46. Nf6 h6 47. f5 h5
48. Nxh5 gxh5 49. Qxh5+ Kg8 50. Qg5+ Kh7 51. f6 Ne3 52. Bxe3 Ra7 53. Rh1 Ra1
54. Bc1 Rxc1 55. Qxc1 Qxe5+ 56. Kg1+ Kg8 57. Qf1 Qe3+ 58. Qf2 b2 59. Qxe3 b1=Q+
60. Kh2 Qxh1+ 61. Kxh1 dxe3 62. Kg1 Bc5 63. Kf1 Kh7 64. Ke2 Kg6 0-1

[Event "Targu Mures ROM, Men Ch 2014"]
[Site "Targu Mures ROM"]
[Date "2014.04.29"]
[Round "5.23"]
[White "Turlea , Constantin"]
[Black "Nita, Lucian"]
[Result "0-1"]
[WhiteElo "1973"]
[BlackElo "2208"]
[PlyCount "80"]
[EventDate "2014.04.26"]
[EventType "swiss"]
[EventRounds "11"]
[EventCountry "ROM"]
[Source "Chess Mix"]

1. d4 Nf6 2. Nf3 g6 3. c4 Bg7 4. Nc3 O-O 5. e4 d6 6. Be2 Nbd7 7. O-O e5 8. Re1
c6 9. Bf1 h6 10. Rb1 a5 11. b3 exd4 12. Nxd4 Nc5 13. f3 Nfd7 14. Be3 Ne5 15.
Qd2 Qf6 16. Rbd1 g5 17. a3 Rd8 18. b4 axb4 19. axb4 Ne6 20. Nf5 Nxf3+ 21. gxf3
Qxc3 22. Nxh6+ Kf8 23. Nf5 Qxd2 24. Bxd2 Be5 25. Re2 Nf4 26. Bxf4 Bxf4 27. Bh3
Be6 28. Rc2 Ra3 29. Bg4 Rb3 30. Nd4 Be3+ 31. Kg2 Bxd4 32. Rxd4 Bxg4 33. fxg4
Rxb4 34. Rd3 Re8 35. Kf3 Re6 36. h4 gxh4 37. Kf4 b5 38. Rd4 c5 39. Rdd2 bxc4
40. e5 c3+ 0-1

[Event "Ch Romania"]
[Site "Targu Mures (Romania)"]
[Date "2014.04.28"]
[Round "4"]
[White "Sabau , Marian"]
[Black "Turlea , Constantin"]
[Result "0-1"]
[WhiteElo "1761"]
[BlackElo "2001"]
[PlyCount "136"]
[EventDate "2014.??.??"]

1. b3 d5 2. e3 e5 3. Bb2 Nd7 4. Nf3 Bd6 5. c4 c6 6. Nc3 Ngf6 7. cxd5 cxd5 8.
Nb5 Bb8 9. Ba3 Qb6 10. Rc1 Qd8 11. Qc2 Nb6 12. Nc7+ Bxc7 13. Qxc7 Qxc7 14. Rxc7
Nbd7 15. Be2 Kd8 16. Rc2 h6 17. O-O Re8 18. Rfc1 Re6 19. d4 e4 20. Nd2 g6 21.
Nb1 a6 22. Bb4 h5 23. a4 Rb8 24. h3 b6 25. Na3 Bb7 26. a5 b5 27. Bc5 Ne8 28.
Nb1 Rc8 29. g4 hxg4 30. hxg4 g5 31. Nd2 Rcc6 32. Nf1 Ng7 33. Ng3 Ke8 34. Kg2
Rh6 35. Bb4 Nb8 36. Bc5 Bc8 37. f3 f5 38. Ba7 Rxc2 39. Rxc2 Nc6 40. Bb6 fxg4
41. fxg4 Kd7 42. Rc1 Rf6 43. Rh1 Ke8 44. Bc5 Nxa5 45. Rh8+ Kd7 46. Rh7 Rf7 47.
Nh5 Nxb3 48. Ba3 Nd2 49. Rxg7 Rxg7 50. Nxg7 Nc4 51. Bxc4 dxc4 52. Bb4 Kc6 53.
Nf5 Kb6 54. Kf2 a5 55. Bc5+ Ka6 56. Ke2 b4 57. Kd2 Be6 58. Kc2 Kb5 59. Nd6+ Ka4
60. Nxe4 Bxg4 61. Nf2 Bf3 62. e4 Kb5 63. Bd6 a4 64. e5 Bd5 65. Ng4 c3 66. Nf6
Bb3+ 67. Kc1 a3 68. d5 a2 0-1

[Event "Ch Romania"]
[Site "Targu Mures (Romania)"]
[Date "2014.04.27"]
[Round "3"]
[White "Turlea , Constantin"]
[Black "Bonte, Andrei-Mihai"]
[Result "0-1"]
[WhiteElo "2001"]
[BlackElo "2282"]
[PlyCount "116"]
[EventDate "2014.??.??"]

1. d4 Nf6 2. Nf3 e6 3. Nbd2 c5 4. e3 d5 5. b3 Nc6 6. Bb2 Bd6 7. Bd3 O-O 8. O-O
cxd4 9. exd4 Nb4 10. Ne5 Nxd3 11. cxd3 a5 12. a4 Ne8 13. f4 Qh4 14. Rc1 f6 15.
g3 Qh3 16. Ng4 Bd7 17. Qf3 g6 18. Nb1 Bc6 19. Nc3 Nc7 20. Nd1 Na6 21. Re1 Rae8
22. Re3 Nb4 23. Nc3 Qh5 24. Nb5 Bb8 25. Ba3 f5 26. Ne5 Bxe5 27. Qxh5 gxh5 28.
Bxb4 Bxf4 29. gxf4 axb4 30. Na7 Bd7 31. Rc7 Re7 32. Rxb7 h4 33. Kf2 Rg7 34. Rh3
Rf6 35. Rxh4 Rfg6 36. Rh3 Rg2+ 37. Kf3 Rb2 38. Rg3 Rxg3+ 39. hxg3 Be8 40. g4
fxg4+ 41. Kxg4 Rxb3 42. Nc8 Bxa4 43. Kg5 Rxd3 44. Kf6 Rxd4 45. Rg7+ Kh8 46. f5
exf5 47. Nd6 Be8 48. Nxe8 Re4 49. Nd6 Re6+ 50. Kxe6 Kxg7 51. Nxf5+ Kg6 52. Ne7+
Kg5 53. Nxd5 b3 54. Ke5 b2 55. Nc3 h5 56. Ke4 Kg4 57. Ke3 Kg3 58. Ne2+ Kg2 0-1

[Event "Targu Mures ROM, Men Ch 2014"]
[Site "Targu Mures ROM"]
[Date "2014.04.27"]
[Round "2.11"]
[White "Turlea , Constantin"]
[Black "Stanciu, Alexandru Ovidiu"]
[Result "0-1"]
[WhiteElo "1973"]
[BlackElo "2343"]
[PlyCount "94"]
[EventDate "2014.04.26"]
[EventType "swiss"]
[EventRounds "11"]
[EventCountry "ROM"]
[Source "Chess Mix"]

1. d4 Nf6 2. Nf3 g6 3. Nbd2 Bg7 4. e4 d6 5. Bd3 O-O 6. O-O Nc6 7. c3 e5 8. Re1
Re8 9. Bb5 Bd7 10. d5 Ne7 11. Bxd7 Nxd7 12. Nf1 h6 13. c4 f5 14. exf5 gxf5 15.
Ng3 Nf6 16. Nh4 Qd7 17. Nh5 f4 18. a4 Rf8 19. Ra3 Rf7 20. Nxf6+ Bxf6 21. Qh5
Rg7 22. Kh1 Bxh4 23. Qxh4 Nf5 24. Qh3 Rf8 25. a5 Rf6 26. Rb3 b6 27. axb6 cxb6
28. Rd3 Qc7 29. b3 Qc5 30. g3 Qxf2 31. Rf1 Qc5 32. gxf4 Rfg6 33. Be3 Qc8 34.
Bf2 e4 35. Re3 Qd7 36. Rg1 Rxg1+ 37. Bxg1 Nxe3 38. Qxd7 Rxd7 39. Bxe3 Rg7 40.
Bd4 Rg4 41. f5 Kf7 42. b4 h5 43. c5 bxc5 44. bxc5 dxc5 45. Bxc5 a5 46. d6 Ke8
47. f6 Kd7 0-1

[Event "Targu Mures ROM, Men Ch 2014"]
[Site "Targu Mures ROM"]
[Date "2014.04.26"]
[Round "1.11"]
[White "Dumitrache, Dragos Nicolae"]
[Black "Turlea , Constantin"]
[Result "0-1"]
[WhiteElo "2437"]
[BlackElo "1973"]
[PlyCount "43"]
[EventDate "2014.04.26"]
[EventType "swiss"]
[EventRounds "11"]
[EventCountry "ROM"]
[Source "Chess Mix"]

1. d4 Nf6 2. c4 c5 3. d5 e6 4. Nc3 exd5 5. cxd5 Bd6 6. e4 Be5 7. Bd3 d6 8. h3
O-O 9. Nge2 Re8 10. O-O Na6 11. Be3 Bd7 12. f4 Bxc3 13. Nxc3 b5 14. Qf3 c4 15.
Bc2 b4 16. Ne2 Qe7 17. Ng3 Nxd5 18. Bd4 Ndc7 19. Nh5 f6 20. e5 Nb5 21. exf6
Nxd4 22. Qd5+ 0-1

[Event "Memorialul Butnariu"]
[Site "?"]
[Date "2013.11.02"]
[Round "7"]
[White "Coman, Emilia-Florentina"]
[Black "Turlea , Constantin"]
[Result "1-0"]
[WhiteElo "1687"]
[BlackElo "1994"]
[PlyCount "107"]

1. d4 Nf6 2. g3 e6 3. Bg2 c5 4. c3 d5 5. Nf3 Be7 6. O-O O-O 7. Ne5 Nbd7 8. Nd2
Nxe5 9. dxe5 Nd7 10. f4 f6 11. exf6 (11. e4 $1) 11... Nxf6 12. e4 Qb6 13. Kh1 (
13. e5 $1) 13... Bd7 14. Re1 (14. e5) 14... Bc6 $6 (14... d4) 15. e5 Ne8 16.
Qg4 $6 (16. Nf3) 16... Bb5 $2 (16... Nc7) 17. Nf3 $6 (17. c4 Bxc4 18. Nxc4 dxc4
19. Rd1) 17... Bd3 18. Nh4 $2 (18. Nd2) 18... Rd8 $11 (18... Nc7 $15) 19. Rd1
$2 (19. Be3) 19... Qa6 $15 20. Re1 Nc7 21. Be3 d4 (21... Be4 $1) 22. cxd4 cxd4
23. Bg1 Bb4 $2 (23... Rf7) 24. Rec1 $11 Rf7 25. Qg5 $2 Be7 $15 26. Qg4 Bxh4 $2
(26... Nd5 27. Bxd4 (27. a3 Ne3 28. Bxe3 dxe3 29. Bf3 Qb6 30. b4 e2 31. Bxe2
Bxe2 32. Qxe2 Bxh4 33. gxh4 Rxf4 34. Rc5 Rxh4 35. Rf1 Rhd4 $15) 27... Nxf4 28.
gxf4 Rxd4 29. Rc8+ Bf8 $19) 27. Qxh4 $14 Rdf8 (27... Re8) 28. Bxd4 Rd7 $6 (
28... Nd5 $1) 29. Bc5 Re8 30. Bd6 (30. Qh5 $1 Be2 31. Qh3 Nd5 32. Be4 g6 33.
Bd6 $14) 30... Nb5 31. Bc5 Nc7 $6 (31... Nd4) 32. Bd6 (32. Qh5 Bg6 33. Qf3 Nd5
34. a4 $16) 32... Nd5 $6 (32... Nb5) 33. Re1 $6 (33. Qh5 $1 g6 34. Qf3 $16)
33... Qb6 $6 34. b3 Ne3 35. Rac1 Nf5 $2 (35... Nxg2 $11) 36. Qh5 $14 g6 $2 (
36... Red8) 37. Qf3 Bb5 38. Bc5 Qa6 39. Qf2 Red8 40. Bb4 $4 $14 (40. Bxa7 $1
$16 Ra8 41. Bc5 Qxa2 42. Qxa2 Rxa2 43. Red1 Rxd1+ 44. Rxd1 Rb2 45. b4 b6 46.
Bxb6 Rxb4 47. Rc1 Bf1 48. Rc8+ Kg7 49. Rc7+ Kg8 50. Rc6 Bxg2+ 51. Kxg2 Rb2+ 52.
Bf2 $16) 40... Rd4 (40... Bc6) 41. Bc3 $2 (41. Bd6 $1 $16) 41... R4d7 $14 42.
Bf3 $6 (42. g4 $1) 42... Rc7 $6 (42... Bc6) 43. Bb4 Rcd7 44. Red1 Bd3 45. Rd2
Bb5 $2 (45... Qb5) 46. Rxd7 $18 Bxd7 47. Rd1 (47. Qd2) 47... Kf7 $4 (47... Qb5)
48. g4 Ne7 49. Qh4 Re8 50. Qxh7+ Kf8 51. Qh8+ Kf7 52. Qf6+ Kg8 53. Bxe7 Rxe7
54. Qxe7 1-0

[Event "FISCA Open D 2013"]
[Site "Cap Aurora ROU"]
[Date "2013.06.23"]
[Round "2.2"]
[White "Turlea , Constantin"]
[Black "Dumitrache, Dragos Nicolae"]
[Result "0-1"]
[WhiteElo "2025"]
[BlackElo "2451"]
[PlyCount "66"]
[EventDate "2013.06.22"]

1. d4 Nf6 2. c4 e6 3. Nf3 b6 4. g3 Ba6 5. Qc2 Bb7 6. Bg2 c5 7. d5 exd5 8. cxd5
Nxd5 9. O-O Be7 10. Qf5 Nf6 11. Nc3 O-O 12. Rd1 Qc8 13. Bg5 Na6 14. Bxf6 Bxf6
15. Qxd7 Rd8 16. Qxc8 Raxc8 17. Rxd8+ Rxd8 18. Rd1 Rxd1+ 19. Nxd1 Bd5 20. a3
Bb3 21. Nc3 Nc7 22. Nd2 Bxc3 23. bxc3 Bd1 24. Kf1 Nb5 25. c4 Nxa3 26. Ke1 Ba4
27. e3 Nc2+ 28. Ke2 Nb4 29. f4 Bc2 30. Be4 f5 31. Bf3 a5 32. g4 a4 33. gxf5 a3
0-1

[Event "FISCA 2013"]
[Site "?"]
[Date "2013.06.22"]
[Round "1"]
[White "Coman, Emilia-Florentina"]
[Black "Turlea , Constantin"]
[Result "0-1"]
[WhiteElo "1618"]
[BlackElo "2025"]
[Annotator "Anuta Laurentiu"]
[PlyCount "50"]

1. d4 Nf6 2. Nf3 e6 3. g3 c5 4. c3 b6 5. Bg2 Bb7 6. O-O Be7 7. Bf4 O-O 8. Nbd2
d6 9. Re1 d5 10. Ne5 Nbd7 11. c4 Nxe5 12. Bxe5 Re8 13. dxc5 Bxc5 14. b3 Bxf2+
15. Kxf2 Ng4+ 16. Kg1 Nxe5 17. Nf3 Nxf3+ 18. exf3 Qf6 19. Qe2 Rad8 20. Rac1 Rd7
21. Qe5 Qxe5 22. Rxe5 Red8 23. Re2 dxc4 24. bxc4 g6 25. Kf2 Rd2 0-1

[Event "#2"]
[Site "?"]
[Date "2012.06.30"]
[Round "9.10"]
[White "Turlea , Constantin"]
[Black "Marin Ionescu, Irina Luiza"]
[Result "1-0"]
[WhiteElo "2058"]
[BlackElo "2151"]
[PlyCount "57"]
[EventDate "2012.??.??"]

1. d4 Nf6 2. c4 c5 3. d5 d6 4. Nc3 g6 5. e4 Bg7 6. Bd3 O-O 7. h3 a6 8. a4 e6 9.
Nf3 exd5 10. exd5 Re8+ 11. Kf1 Nbd7 12. g4 Ne5 13. Nxe5 Rxe5 14. Kg2 Rb8 15.
Bf4 Re8 16. Re1 Bd7 17. Rxe8+ Nxe8 18. Qd2 f5 19. gxf5 gxf5 20. Rg1 Qf6 21. Kh2
Kh8 22. Re1 Qf7 23. Re3 Bd4 24. Rf3 Qh5 25. Be2 Nf6 26. Rg3 Qf7 27. Bxd6 Bxf2
28. Bxb8 Bxg3+ 29. Bxg3 1-0

[Event "Memorial "]
[Site "CNMV Ploiesti"]
[Date "2012.03.18"]
[Round "8.2"]
[White "Turlea , Constantin"]
[Black "Telea, Stefan"]
[Result "1-0"]
[WhiteElo "2056"]
[BlackElo "2124"]
[PlyCount "43"]
[EventDate "2012.03.10"]

1. d4 Nf6 2. c4 g6 3. Nf3 Bg7 4. g3 O-O 5. Bg2 d5 6. O-O Nc6 7. b3 Na5 8. cxd5
Nxd5 9. e4 Nb4 10. Qd2 c5 11. Bb2 Bg4 12. d5 f6 13. Nc3 Rc8 14. Ne2 Qb6 15. Bc3
e6 16. h3 Bxf3 17. Bxf3 exd5 18. exd5 Qd6 19. Rad1 b6 20. Rfe1 Rfe8 21. Qb2 g5
22. Bg4 1-0

[Event "Memorial "]
[Site "CNMV Ploiesti"]
[Date "2012.03.18"]
[Round "9.2"]
[White "Vezeteu, Daniel"]
[Black "Turlea , Constantin"]
[Result "0-1"]
[WhiteElo "2035"]
[BlackElo "2056"]
[PlyCount "127"]
[EventDate "2012.03.10"]

1. e4 c5 2. c4 d6 3. Nc3 Nf6 4. Nge2 Nc6 5. h3 e6 6. d4 cxd4 7. Nxd4 Be7 8. Be2
O-O 9. O-O a6 10. Be3 Rb8 11. Rc1 Qc7 12. a3 b6 13. Nd5 exd5 14. cxd5 Nxe4 15.
Nxc6 Ra8 16. Bxb6 Qb7 17. Nxe7+ Qxe7 18. Rc7 Qg5 19. Be3 Qg6 20. Kh2 Bf5 21.
Qd4 Rfe8 22. g4 Bc8 23. Rg1 Nxf2 24. Bxf2 Rxe2 25. Qa7 Qe4 26. Rg2 Qe5+ 27. Kg1
Qxd5 28. Qd4 Bb7 29. Qxd5 Bxd5 30. Rg3 Rxb2 31. Rd3 Be6 32. Rxd6 Rb3 33. Ra7
Re8 34. Kh2 Bc4 35. Rd4 Be6 36. Rxa6 h5 37. Ra5 hxg4 38. hxg4 Rc8 39. a4 Rc2
40. Kg1 Rb1+ 41. Kg2 Rbb2 42. Rf4 Bxg4 43. Rxg4 Rxf2+ 44. Kg3 Rg2+ 45. Kh4 Rh2+
46. Kg5 Rhg2 47. Ra8+ Kh7 48. Rxg2 Rxg2+ 49. Kf5 Ra2 50. Ra7 f6 51. a5 Re2 52.
Kf4 Re8 53. Kg4 Kh6 54. Ra6 Kg6 55. Kf4 Re1 56. Rb6 Ra1 57. a6 Ra4+ 58. Kf3 Kg5
59. Rb7 g6 60. a7 f5 61. Rc7 Kh5 62. Kf2 Kg4 63. Rg7 g5 64. Re7 0-1

[Event "Memorial "]
[Site "CNMV Ploiesti"]
[Date "2012.03.17"]
[Round "7.3"]
[White "Turlea , Constantin"]
[Black "Pirjol, Lucian-Marian"]
[Result "1-0"]
[WhiteElo "2056"]
[BlackElo "1829"]
[PlyCount "117"]
[EventDate "2012.03.10"]

1. d4 d5 2. c4 c6 3. Nc3 Nf6 4. Nf3 e6 5. Bg5 Be7 6. e3 O-O 7. Bd3 h6 8. Bh4
dxc4 9. Bxc4 b5 10. Bd3 a5 11. O-O b4 12. Ne4 Nxe4 13. Bxe7 Nxf2 14. Rxf2 Qxe7
15. Ne5 c5 16. Qh5 Nd7 17. Nxd7 Bxd7 18. dxc5 f5 19. Rc1 Rac8 20. Rfc2 Bc6 21.
Qg6 Qf6 22. Qg3 f4 23. exf4 Qxf4 24. Qxf4 Rxf4 25. Bc4 Bd5 26. Bxd5 exd5 27. c6
Rc7 28. Rc5 Rf6 29. b3 Kf7 30. Rxa5 Rfxc6 31. Rxc6 Rxc6 32. Rxd5 Rc2 33. Rb5
Rxa2 34. Rxb4 Rb2 35. h3 g5 36. Rb6 h5 37. Kh2 Rc2 38. b4 Rb2 39. b5 Rb3 40.
Rb8 g4 41. h4 Kg7 42. b6 Kh7 43. Rb7+ Kg6 44. Rb8 Kf6 45. Rg8 Rxb6 46. Rg5 Kf7
47. Rxh5 Rg6 48. Ra5 Kg7 49. Kg3 Kh6 50. Ra4 Kh5 51. Ra8 Kh6 52. Ra5 Rg8 53.
Kf4 Rg7 54. Rg5 Rb7 55. Kxg4 Rb3 56. Rf5 Rb4+ 57. Rf4 Rb6 58. g3 Rg6+ 59. Kh3
1-0

[Event "Memorial "]
[Site "CNMV Ploiesti"]
[Date "2012.03.17"]
[Round "6.5"]
[White "Vulcan, Gheorghe"]
[Black "Turlea , Constantin"]
[Result "0-1"]
[WhiteElo "1774"]
[BlackElo "2056"]
[PlyCount "65"]
[EventDate "2012.03.10"]

1. e4 c5 2. Nf3 d6 3. d4 cxd4 4. Nxd4 Nf6 5. Nc3 a6 6. Be2 e6 7. O-O Be7 8. Be3
O-O 9. Bf3 Qc7 10. Qe2 Nbd7 11. g3 Ne5 12. Bg2 Nc4 13. Bc1 Bd7 14. Nd1 Rac8 15.
b3 Na5 16. c4 b5 17. Bd2 bxc4 18. Rc1 Rfe8 19. Qe1 Nc6 20. Nxc6 Bxc6 21. bxc4
Nd7 22. Qe2 Qb7 23. Re1 Nc5 24. f3 d5 25. cxd5 Bb5 26. Qe3 Nd3 27. dxe6 Nxc1
28. exf7+ Kxf7 29. Qf4+ Kg8 30. Bxc1 Bb4 31. Bd2 Rf8 32. Bxb4 Rxf4 33. gxf4 0-1